000 01197nam0a2200325 4500
001 RU\NLR\ONL2\5138
005 20250613125544.0
010 _a5-295-03491-7
_94800
035 _a(NLR Aleph) 009652736
090 _a9577369
_c9577369
100 _a20060502d2005 |||y0rusy50 ca
101 0 _abak
102 _aRU
105 _ay |||||||||
200 1 _aМэктэп сэхнэhе
_e(Пьесалар)
_fХэмдиэ Латипова, Солэймэн Латипов
210 _aОфо
_cКитап
_d2005
215 _a117,[2] б.
_d22
541 1 _6z01790
_aШкольная сцена
_eПьесы.
_zrus
686 1 _aШ9(2)6=Баш-6
700 1 _aЛатипова
_bХ. F.
_gХэмдиэ Fабдрахман kызы
_4070
701 1 _aЛатипов
_bС. Я.
_gСолэймэн Йэнгэли улы
_4070
790 1 _6z01
_aЛатипова
_bХ. Г.
_gХамдия Габдрахмановна
_4070
790 1 _6z01
_6z01541
_aЛатипов
_bС. Я.
_gСулейман Янгалиевич
_4070
801 0 _aRU
_bNLR
_c20060502
_gPSBO
852 _aNLR
_bОНЛ
_jБашк./3-4802
942 _cBOOK
980 _aNB
980 _aONL_RF